Транзит. Рассказы: роман; пер. с нем.; Прогулка мертвых девушек; Свадьба на Гаити; Крисана; Предания о неземных пришельцах

Bibliographische Detailangaben
1. Verfasser: Зегерс А. Анна
Sprache:Russisch
Veröffentlicht: Москва, Художественная литература, 1978
TOC:Прогулка мертвых девушек; Свадьба на Гаити; Крисана; Предания о неземных пришельцах;
Schriftenreihe:Классики и современники. Зарубежная литература
Schlagworte:
Format: MixedMaterials Buch
KOHA link:https://koha.lib.tpu.ru/cgi-bin/koha/opac-detail.pl?biblionumber=127001

MARC

LEADER 00000nam0a2200000 4500
001 127001
005 20231031132052.0
035 |a (RuTPU)RU\TPU\book\137385 
090 |a 127001 
100 |a 20071206d1978 m y0rusy50 ca 
101 1 |a rus  |c ger 
102 |a RU 
105 |a y z 000ay 
200 1 |a Транзит. Рассказы  |e роман  |e пер. с нем.  |f А. Зегерс 
210 |a Москва  |c Художественная литература  |d 1978 
215 |a 333 с. 
225 1 |a Классики и современники. Зарубежная литература 
464 |t Прогулка мертвых девушек; Свадьба на Гаити; Крисана; Предания о неземных пришельцах  |o рассказы 
610 1 |a немецкая литература 
610 1 |a рассказы 
610 1 |a романы 
675 |a 83  |v 3 
700 1 |a Зегерс  |b А.  |g Анна 
801 1 |a RU  |b 63413507  |c 20071206  |g PSBO 
801 2 |a RU  |b 63413507  |c 20200609  |g PSBO 
942 |c BK